| 000 | 00832nam a22002657a 4500 | ||
|---|---|---|---|
| 003 | DO-SdBNP | ||
| 005 | 20230922111348.0 | ||
| 008 | 210326b 2017 dr 00| 0 spa d | ||
| 020 | _a9789993478775 | ||
| 040 |
_aDO-SdBNP _bspa _cBPMSU |
||
| 082 | 4 |
_a460.9 _bT266m,2017 _222 |
|
| 100 | 1 |
_aTejada Read, Ramón _d1954- |
|
| 245 |
_aMi breve historia de la lengua española / _cRamón Tejada Read |
||
| 260 |
_aSanto Domingo: _bSantuario, _c2017 |
||
| 300 |
_a223 p ; _c23 cm. |
||
| 500 | _aIncluye datos biográficos del autor en la solapa de la cubierta | ||
| 590 | _6Inventariado,2021/ VM | ||
| 650 | 4 |
_aEspañol _xHistoria. |
|
| 650 | 4 | _aLingüística. | |
| 650 | 4 |
_aEspañol _xPalabras y frases. |
|
| 650 | 4 |
_aEspañol _xEnseñanza. |
|
| 650 | 4 |
_aFilología española _xHistoria. |
|
| 910 | _aVMateo | ||
| 942 |
_2ddc _cBK |
||
| 999 |
_c13411 _d13411 |
||